LIBRARY ONLINE CATALOGUE

John : (Record no. 4961)

MARC details
000 -LEADER
fixed length control field 00718nam a22002172 4500
001 - CONTROL NUMBER
control field 0000000894
005 - DATE AND TIME OF LATEST TRANSACTION
control field 20151217151759.0
008 - FIXED-LENGTH DATA ELEMENTS--GENERAL INFORMATION
fixed length control field 070221s xx 000 0 eng d
020 ## - INTERNATIONAL STANDARD BOOK NUMBER
International Standard Book Number 0802843514 :
Terms of availability KES 1,229
040 ## - CATALOGING SOURCE
Original cataloging agency KABU
Transcribing agency KABU
050 #0 - LIBRARY OF CONGRESS CALL NUMBER
Classification number BS2615.3
Item number .T46
100 1# - MAIN ENTRY--PERSONAL NAME
Personal name Tenney, Merrill C.
-- 0000149315
245 10 - TITLE STATEMENT
Title John :
Remainder of title the gospel of belief: an analytic study of the text /
Statement of responsibility, etc. Merrill C. Tenney.
260 ## - PUBLICATION, DISTRIBUTION, ETC. (IMPRINT)
Place of publication, distribution, etc. Grand Rapids, MI. :
Name of publisher, distributor, etc. W. B. Eerdmans,
Date of publication, distribution, etc. 1948.
300 ## - PHYSICAL DESCRIPTION
Extent 321 p. ;
Dimensions 22 cm.
504 ## - BIBLIOGRAPHY, ETC. NOTE
Bibliography, etc Includes bibliography (p. 317-318) and index.
630 00 - SUBJECT ADDED ENTRY--UNIFORM TITLE
Uniform title Bible. N.T. John
General subdivision Commentaries.
-- 0000149316
908 ## - PUT COMMAND PARAMETER (RLIN)
Put command parameter 070221
950 ## - LOCAL HOLDINGS (RLIN)
-- 1
Holdings
Withdrawn status Lost status Source of classification or shelving scheme Not for loan Home library Current library Date acquired Total Checkouts Full call number Barcode Date last seen Price effective from Koha item type
    Library of Congress Classification   Kabarak, Main Campus Kabarak, Main Campus 17/12/2015   BS2615.3 .T46 000271 02/08/2024 17/12/2015 General Collection